K ekonomickým súvislostiam vstupu SR do NATO
Väzba medzi ekonomikou a bezpečnosťou, ktorú predstavuje členstvo v NATO. Národný záujem, bezpečnosť a ekonomika. Ekonomická väzba v znení Bezpečnostnej stratégie SR a Severoatlantickej zmluvy. Fenomén tzv. nových hrozieb v medzinárodných vzťahoch.
Na minha lista:
| Autor principal: | |
|---|---|
| Formato: | Capítulo de Livro |
| Idioma: | eslovaco |
| Assuntos: | |
| Tags: |
Sem tags, seja o primeiro a adicionar uma tag!
|
MARC
| LEADER | 00000naa$a2200000$$$4500 | ||
|---|---|---|---|
| 001 | 0034947 | ||
| 005 | 20240502071446.4 | ||
| 041 | 0 | |a slo | |
| 044 | |a SK | ||
| 245 | 1 | 0 | |a K ekonomickým súvislostiam vstupu SR do NATO |c Marek Csabay |
| 520 | |a Väzba medzi ekonomikou a bezpečnosťou, ktorú predstavuje členstvo v NATO. Národný záujem, bezpečnosť a ekonomika. Ekonomická väzba v znení Bezpečnostnej stratégie SR a Severoatlantickej zmluvy. Fenomén tzv. nových hrozieb v medzinárodných vzťahoch. | ||
| 610 | 2 | 0 | |a bezpečnosť |
| 610 | 2 | 0 | |a hospodárstvo národné |
| 610 | 2 | 0 | |a spolupráca hospodárska medzinárodná |
| 610 | 2 | 0 | |a investície zahraničné |
| 610 | 2 | 0 | |a globalizácia |
| 610 | 2 | 0 | |a Slovensko |
| 610 | 2 | 0 | |a NATO |
| 100 | 1 | |a Csabay, Marek | |